00737 2200205 4500001002100000005001700021008004100038035002500079082001000104090002000114100001200134245016400146260005300310300004100363500005400404500003100458650001200489850001200501990001800513YOGYA-0209000007206120150430113938.0 ind  a0010-020900000072061 a331.7 aSK 331.7bSud H aSUDILAH aHubungan antara jenis pekerjaan orang tua dengan pemilihan karir pada siswa SMA Negeri Sanden dalam rangka bimbingan karir tahun ajaran 1994/1995coleh Sudilah aYogyakartabFak. Ilmu Pendidikan IKIP PGRIc1995 axi, 89, 19 lembar :bilus. ;c29 cm. aSkripsi Fak. Ilmu Pendidikan IKIP PGRI Yogyakarta aBibliografi : lembar 90-91 aProfesi aYOPDYOG a35945-PD/A.08